000 01241nam a2200325 a 4500
001 000112901
003 CHAP
005 20220329144327.0
008 170208s2016 mx sm |||||||spa d
010 _a109362
011 _a110334
040 _cCHAP
090 _aTesis
100 1 _aBruno Eutimio, Delia Ivette
_9131453
245 1 0 _aCaracterización del consumo de leña en la Comunidad de Jalpilla, Axtla de Terrazas, San Luis Potosí, México
_h[En línea]
_cpor Delia Ivette Bruno Eutimio.
260 _aChapingo, Méx. :
_bEl autor,
_c2016.
500 _aPara ver el contenido del material haga clic en la liga
502 _aTesis (Ing. en Recursos Naturales Renovables) -- UACH. Departamento de Enseñanza Investigacion y servicio en Suelos
590 _aBATCH
_b00
_c20181121
_lUCH01
_h0759
590 _aE5765TAJ
_b05
_c20170208
_lUCH01
_h1138
590 _aE5765TAJ
_b05
_c20170208
_lUCH01
_h1139
650 1 4 _aLeña
_xAprovechamiento
_zSan Luis Potosí.
_9131454
650 1 4 _aLeña
_xConsumo.
_966052
650 1 4 _aMadera como combustible
_xImpacto social.
_9131455
856 _a1
_n0001044
856 _aFinding aid
_uhttp://10.13.5.2/tesis/sist112901.pdf
_zTeclea aquí
901 _aBK
942 _cTESIS
942 _n0
999 _c109362
_d109362